LEADER 01257nam0 22002651i 450 001 UON00044394 005 20231205102159.891 100 $a20020107d1957 |0itac50 ba 101 $aeng 102 $aGB 105 $a|||| 1|||| 200 1 $aˆThe ‰Middle East$eA survey and directory of Arabia, Cyprus, Egypt, Iran, Iraq, Israel, Jordan, the Lebanon, Libya, the Sudan, Syria and Turkey, with geographical, historical, economic and educational surveys, concise information about political, industrial, financial and cultural organizations, and Who's Who in the Middle East 210 $aLondon$cEuropa Publ. Lim.$d19- 215 $a v.$d25 c 300 $aposs. : 1957. - 5th edition 606 $aMedio Oriente$xAnnuari$3UONC015306$2FI 620 $aGB$dLondon$3UONL003044 686 $aVO I$cVICINO ORIENTE - OPERE INTERDISCIPLINARI, GUIDE$2A 712 $aEuropa Publications Limited$3UONV252085$4650 801 $aIT$bSOL$c20251031$gRICA 899 $aSIBA - SISTEMA BIBLIOTECARIO DI ATENEO$2UONSI 912 $aUON00044394 950 $aSIBA - SISTEMA BIBLIOTECARIO DI ATENEO$dSI VO I 019 $eSI MR 52335 7 019 996 $aMIDDLE East$9653264 997 $aUNIOR